000 00444nam a2200181Ia 4500
005 20240924060057.0
008 240331s9999 xx 000 0 und d
020 _a8185107327
082 _bREP
_a757
245 0 _aRepresenting the body :
_bgender issues in Indian art
260 _aDelhi
_bKali for women
_c1997
300 _a205 p .,
650 _aWomen
650 _aGender
650 _aArt
700 _aDehejia, Vidya
_eedt
942 _cL
999 _c3082
_d3082